| 000 | 00485nam a2200169Ia 4500 | ||
|---|---|---|---|
| 003 | GCL | ||
| 008 | 140319s9999 xx 000 0 ara d | ||
| 040 |
_aGCL / _cGCL |
||
| 082 | 0 | 4 |
_a810.5 _bا م |
| 100 | 1 | _aاحمد مرسى | |
| 245 | 1 | 0 |
_aمجلة 68 الادباء / _cاحمد مرسى |
| 300 | _a78 ص | ||
| 490 |
_aالمؤسسة المصرية العامة للتأليف والنشر _v0 |
||
| 650 | 0 | 4 | _aالادب |
| 650 | 0 | 4 | _aالادب - دوريات |
| 942 |
_2ddc _cBK |
||
| 999 |
_c51660 _d51660 |
||